=LDR 00000nam 2200000 4500 =001 INLIS000000000006052 =005 20251031085637 =035 ##$$a 0010-1025001107 =007 ta =008 251031###########################0#ind## =082 ##$$a 363.96 =084 ##$$a 363.96 BAD s =100 #$$a Badan Koordinasi Keluarga Berencana Nasional =245 1#$$a Siposium Menuju Era Baru Gerakan Kb Nasional /$c Badan Koordinasi Keluarga Berencana Nasional =260 ##$$a Jakarta :$b Badan Koordinasi Keluarga Berencana Nasional,$c 2000 =300 ##$$a 14 Hal : $b Ilus ; $c 21 =650 #4$$a Keluarga Berencana =856 ##$$a Perpustakaan Kemendukbangga